| 000 | 00486nam a2200181Ia 4500 | ||
|---|---|---|---|
| 001 | 11329 | ||
| 005 | 20260306162820.0 | ||
| 008 | 260306t1998||||xx |||||||||||||| ||spa|| | ||
| 041 | _aESP | ||
| 082 |
_a985.03 _bT22 |
||
| 100 |
_aTardieu, Jean-Pierre _eAUT |
||
| 245 | 0 |
_aEl negro en el Cusco: _blos caminos de la alineación en la segunda mitad del siglo XVII |
|
| 260 | _c1998 | ||
| 300 |
_a196 pƔginas : _c20 cm. |
||
| 650 | _aGEN | ||
| 654 | _aCHU | ||
| 942 |
_cLIB _dJUS _fJUS _2ddc _n |
||
| 999 |
_c11329 _d11329 |
||